LEADER 01036nam a2200193 4500 001 000000362402 003 CaOOAMICUS 005 20250401145013.0 008 250401s1898 it 000 u ita r 040 $aSeMil$bita 100 1 $aDella Torre, Francesco.$0(OLS)http://semarc/name/91250 245 13$aLe Teorie dell'evoluzionismo in Rapporto alla scienza ed alla fede e le loro conseguenze nella vita civile :$bLa religione alla luce della Fede e della scienza. Parte 2. /$cFrancesco Della Torre. 264 1$aUdine :$bTipografia del Patronato,$c1898. 300 $a59 p. ;$c25 cm 850 $aSeMil 852 $aSeMil$W1$xVenegono$y1$m5A VIII 6/20$j255632$B253315$CSeMilBibl$Z2$F253315 $8I 996 $6245$aLe Teorie dell'evoluzionismo in Rapporto alla scienza ed alla fede e le loro conseguenze nella vita civile :$bLa religione alla luce della Fede e della scienza. Parte 2.$9(OLS)http://semarc/title/453301 996 $6264$aUdine :$bTipografia del Patronato$9(OLS)http://semarc/publisher/48938 LEADER 01475nam a2200265 i 4500 001 000000353271 003 CaOOAMICUS 005 20230328124515.0 008 230328s2022 it u100 u ita u 020 $a979-1-254-82082-7 040 $aSeMil$bita 245 00$aSacramenti e diritto :$bi sacramenti come diritti e come sorgenti di diritto : atti del 26. Convegno della Facoltà di Diritto Canonico /$cAntonio S. Sánchez-Gil (a cura di) 264 1$aRoma :$bEdusc,$c2022. 300 $a359 p. ;$c25 cm. 490 1 $aSubsidia canonica / Pontificia università della Santa Croce, Facoltà di diritto canonico ;$v39 650 4$aSacramenti - Diritto canonico.$0(OLS)http://semarc/subject/3661 650 4$aDiritto canonico - Atti di congressi.$0(OLS)http://semarc/subject/14557 700 1 $aSánchez Gil, Antonio S.$0(OLS)http://semarc/name/70238 830 0$aSubsidia canonica / Pontificia università della Santa Croce, Facoltà di diritto canonico ;$v39.$0(OLS)http://semarc/title/125097 850 $aSeMil 852 $aSeMil$W1$xVenegono$y1$m2NA G 39$j244313$B244492$CSeMilBibl$Z2$F244492 $81 996 $6020$a979-1-254-82082-7$9(OLS)http://semarc/number/297842 996 $6245$aSacramenti e diritto :$bi sacramenti come diritti e come sorgenti di diritto : atti del 26. Convegno della Facoltà di Diritto Canonico$9(OLS)http://semarc/title/443284 996 $6264$aRoma :$bEdusc$9(OLS)http://semarc/publisher/31185